O amante de Lady Chatterley (Registo nº 208)

Detalhes MARC
000 -Etiqueta do registo
Cabeçalho 00717nam0a2200253 4500
005 - Identificador da versão
Campo de controlo 20240813121757.0
010 ## - Número internacional normalizado dos livros (ISBN)
Número (ISBN) 849607577X
021 ## - Número do Depósito Legal
Código do país ES
Número B. 45432-2002
035 ## - Other System Control Numbers
System Control Number 0000212
100 ## - Dados gerais de processamento
Dados gerais de processamento 20160503d2002 aaay1pory5001 ba
102 ## - Pais de publicação ou produção
País de publicação Portugal
101 1# - Língua de publicação
Língua do texto, banda sonora, etc. Português
Língua do documento no original Inglês
215 ## - Descrição física 
Indicação específica da natureza do documento e extensão da espécie 349, [1] p
200 1# - Titulo e menção de responsabilidade
Título próprio O amante de Lady Chatterley
Primeira menção de responsabilidade D.H. Lawrence
225 2# - Colecção 
Título próprio da colecção Mil folhas
Indicação de volume 32
210 ## - Publicação, Distribuição, etc. 
Lugar da edição, distribuição, etc. Porto
Nome do editor, distribuidor, etc. Público Comunicação Social
Data da publicação, distribuição, etc. D. L. 2002
606 ## - Nome comum usado como assunto
Número de registo de entrada de autoridade 0002845
Palavra de ordem Literatura inglesa
Subdivisão de assunto Literatura erótica
Código do sistema CA
675 ## - Classificação Decimal Universal (CDU)
Notação 821.111-993
Edição 3ª ed.
Língua da edição por
700 #1 - Nome de autor-pessoa física (responsabilidade principal)
Número de registo de entrada de autoridade 0002847
Palavra de ordem Lawrence
Outra parte do nome não tomada para palavra de ordem D.H.
Datas 1885-1930
966 ## - Identificação da Biblioteca
Sigla EB2,3ENM
942 ## - Elementos de entrada adicionados (Koha)
Tipo de item no Koha Livro
Exemplares
Situação do levantamento Origin of item (home branch) (coded) Biblioteca de empréstimo Código de barras Cota Circulation type (not for loan) Tipo de documento Nota do exemplar Damaged status
  Biblioteca Escolar Eng. Nuno Mergulhão Biblioteca Escolar Eng. Nuno Mergulhão BENM718 82LE-9 LAW   Livro Sem mensagem